<?xml version="1.0" encoding="UTF-8"?>
<collection xmlns="http://www.loc.gov/MARC21/slim">
<record>
  <controlfield tag="001">2155</controlfield>
  <datafield tag="088" ind1=" " ind2=" ">
    <subfield code="a">0746</subfield>
  </datafield>
  <datafield tag="260" ind1=" " ind2=" ">
    <subfield code="c">1906</subfield>
  </datafield>
  <datafield tag="650" ind1="1" ind2="7">
    <subfield code="a">G Burton Collection</subfield>
  </datafield>
  <datafield tag="520" ind1=" " ind2=" ">
    <subfield code="a">J. K. Tilson, Earl Parrott, Carl and Otto Renkirk, Susie Parrott (Sherman), Josie Bayne, Georgia Mix (Burton), Leonard Mix, Florence Parrott (Piper), Mable Bayne and my dog "Fritz"</subfield>
  </datafield>
  <datafield tag="980" ind1=" " ind2=" ">
    <subfield code="a">43905848739</subfield>
  </datafield>
  <datafield tag="960" ind1=" " ind2=" ">
    <subfield code="a">hc</subfield>
  </datafield>
</record>
</collection>